Elogio de la locura
में बचाया:
| मुख्य लेखक: | |
|---|---|
| अन्य लेखक: | |
| स्वरूप: | पुस्तक |
| भाषा: | स्पेनिश |
| प्रकाशित: |
Madrid, España:
Aguilar,
1955.
|
| संस्करण: | Tercera edición. |
| श्रृंखला: | Colección Crisol;
50 |
| विषय: | |
| टैग: |
टैग जोड़ें
कोई टैग नहीं, इस रिकॉर्ड को टैग करने वाले पहले व्यक्ति बनें!
|
MARC
| LEADER | 00000cam a2200000 a 4500 | ||
|---|---|---|---|
| 001 | UCD4576 | ||
| 003 | CL-VaPUC | ||
| 005 | 20220822114500.0 | ||
| 008 | 160713e19550000sp |||||||||||||||||spa|d | ||
| 999 | |c 435977 |d 435975 | ||
| 020 | |a 8423911799 | ||
| 040 | |c Pontificia Universidad Católica de Valparaíso | ||
| 082 | 0 | 4 | |a 144 ERA 1955 |2 21 |
| 100 | 0 | |a Erasmo de Rotterdam |e autor |9 368153 | |
| 245 | 1 | 0 | |a Elogio de la locura |
| 250 | |a Tercera edición. | ||
| 260 | |a Madrid, España: |b Aguilar, |c 1955. | ||
| 300 | |a 443 páginas. | ||
| 490 | |a Colección Crisol; |v 50 | ||
| 500 | |a c.1 Donación Familia Prof. Alejandro Guzmán Brito. | ||
| 583 | |a last modification |c 20170531 12:54:03 |k Cristina María Rojas Aguilar | ||
| 650 | 0 | |a Filosofía holandesa |9 319728 | |
| 650 | 7 | |a Filósofos holandeses |2 CL-VaPUC |9 571493 | |
| 650 | 0 | |a Humanismo |9 256530 | |
| 700 | |a Rodríguez Bachiller, A |e traducción |e prólogo |9 870607 | ||
| 942 | |c BK |2 ddc |n 0 | ||
| 952 | |0 0 |1 0 |2 ddc |4 0 |6 144_000000000000000_ERA_1955 |7 0 |8 C_AGB |9 583641 |a BIBDER |b BIBDER |d 2022-06-13 |e Donación |i 5651768 |o 144 ERA 1955 |p 5651768 |r 2023-01-25 |t 1 |w 2022-06-13 |y BK_US |k AGB | ||